Gaming Quiz

Random Gaming or Nintendo Quiz

Super smash bros brawl items (pictures) Quiz Stats

 Plays Quiz not verified by Sporcle

Challenge
Share
Tweet
Image and video hosting by TinyPic
Score 0/49 Timer 07:00
0 Plays Today
coordinate % Correct
A5Pokè Ball
95.6%
A3Smash Ball
91%
A6Crate
90.2%
A4Assist Trophy
79.7%
B2Food
79.1%
B1Sandbag
73.3%
D3Fan
69.9%
D2Homerun Bat
69.7%
B7Poison Mushroom
69.1%
D6Hammer
68.9%
B3Maxim Tomato
68.5%
E3Fire Flower
68.5%
B5Dragoon
65.3%
C3Metal Box
64.3%
G6Soccer Ball
62.2%
G1Green Shell
62%
C1Warp Star
61.2%
G2Banana Peel
60.6%
B4Heart Container
60.4%
C4Bunny Hood
60%
E5Bob-omb
59.4%
C7Lightning
58.2%
B6Super Mushroom
58%
F7Mr. Saturn
57.4%
D1Beam Sword
57.2%
coordinate % Correct
D7Golden Hammer
57%
E2Ray Gun
53.6%
D5Star Rod
53.4%
G4Spring
53.4%
G3Bumper
52%
C2Starman
51.6%
F2Deku Nut
51.6%
F5Pitfall
50.4%
D4Lip's Stick
50%
E1Super Scope
47.4%
F1Smart Bomb
44.8%
F4Smoke Ball
44.4%
C6Timer
42.4%
F3Freezie
41.6%
E7Gooey Bomb
40.8%
H2Screw Attack
40.4%
G7Team Healer
39.6%
C5Superspicy Curry
39.2%
E6Motion Sensor Bomb
39%
E4Cracker Launcher
38%
H1Franklin Badge
37.3%
F6Hothead
34.7%
A7Blast Box
28.5%
G5Unira
22.7%

You're not logged in!

Compare scores with friends on all Sporcle quizzes.
Join for Free
OR
Log In

You Might Also Like...

Show Comments

Extras

Top Quizzes Today


Score Distribution

Your Account Isn't Verified!

In order to create a playlist on Sporcle, you need to verify the email address you used during registration. Go to your Sporcle Settings to finish the process.

Report this User

Report this user for behavior that violates our Community Guidelines.

Details: